Wsie i osady gminy Stary Zamość - Statystyki

Ogólne statystyki
  • Ten quiz został rozwiązany 34 razy
  • Średni wynik to 7 z 16
Statystyki odpowiedzi
Odpowiedź % Poprawnych
Stary Zamość
89%
Chomęciska Duże
82%
Chomęciska Małe
79%
Krasne
68%
Wierzba
68%
Podstary Zamość
50%
Podkrasne
46%
Nowa Wieś
32%
Majdan Sitaniecki
29%
Udrycze-Kolonia
29%
Udrycze-Wola
25%
Wisłowiec
25%
Borowina Starozamojska
21%
Udrycze-Koniec
21%
Kolonia Krasne
7%
Pańska Dolina
7%
Nie znaleziono quizów pasujących do podanych kryteriów
Rozkład punktacji
Procent ludzi z każdym wynikiem
Percentyl według liczby udzielonych odpowiedzi
Twoja historia wyników
Nie rozwiązałeś tego quizu